Renormalization Group, 26-29 August 1986, Dubna, USSR /

Bibliographic Details
Corporate Author: Conference, "Renormalization Group-86" Dubna, Chekhovskiĭ raĭon, R.S.F.S.R.
Other Authors: Shirkov, D. V. (Dmitriĭ Vasilʹevich), Kazakov, D. I., Vladimirov, A. A.
Format: Conference Proceeding Book
Language:English
Published: Singapore ; Teaneck, New Jersey : World Scientific, 1988.
Subjects:

MARC

Tag First Indicator Second Indicator Subfields
LEADER 00000cam a22000008a 4500
001 in00000725607
005 20151016083545.0
008 880329s1988 si ao b 10010 eng
010 |a  88010715  
020 |a 9971505738 
020 |z 9971505446 (pbk.) 
035 |a (OCoLC)17806173 
035 |9 ADG8222AM 
040 |a DLC  |c DLC  |d TXA  |d UtOrBLW 
049 |a TXAM  |c [A11602985] 
050 0 0 |a QC20.7.R43  |b C67 1986 
082 0 |a 530.1/5  |2 19 
111 2 |a Conference, "Renormalization Group-86"  |d (1986 :  |c Dubna, Chekhovskiĭ raĭon, R.S.F.S.R.) 
245 1 0 |a Renormalization Group, 26-29 August 1986, Dubna, USSR /  |c editors, D.V. Shirkov, D.I. Kazakov, A.A. Vladimirov. 
264 1 |a Singapore ;  |a Teaneck, New Jersey :  |b World Scientific,  |c 1988. 
300 |a xi, 468 pages :  |b illustrations, photographs 
336 |a text  |b txt  |2 rdacontent 
337 |a unmediated  |b n  |2 rdamedia 
338 |a volume  |b nc  |2 rdacarrier 
504 |a Includes bibliographies. 
650 0 |a Renormalization group  |x Congresses. 
650 0 |a Mathematical physics  |v Congresses. 
700 1 |a Shirkov, D. V.  |q (Dmitriĭ Vasilʹevich) 
700 1 |a Kazakov, D. I. 
700 1 |a Vladimirov, A. A. 
999 |a MARS 
999 f f |s 034880fd-7c35-33a7-8a78-5b5c9437d54e  |i d5e8e556-5b4b-3ce2-ba88-4d36283d9710  |t 0 
952 f f |p ric  |a Texas A&M University  |b Rellis Campus  |c Joint Library Facility  |d Remote Storage  |t 0  |e QC20.7.R43 C67 1986  |h Library of Congress classification  |i unmediated -- volume  |m A14811602985 
998 f f |a QC20.7.R43 C67 1986  |t 0  |l Remote Storage